[Event "SR 2. liga A 2015/2016"]
[Site "?"]
[Date "2015.11.08"]
[Round "4.5"]
[White "Karas, Marek"]
[Black "Bronis, Marian"]
[Result "1-0"]
[WhiteElo "2263"]
[BlackElo "2129"]
[PlyCount "123"]
[EventDate "2015.??.??"]

1. d4 e6 2. c4 c5 3. d5 exd5 4. cxd5 d6 5. Nc3 a6 6. a4 g6 7. Nf3 Bg7 8. g3 Nf6
9. Bg2 O-O 10. O-O Re8 11. Nd2 Nbd7 12. Nc4 Ne5 13. Nxe5 Rxe5 14. Bf4 Re8 15.
Re1 Nh5 16. Bd2 Rb8 17. Rb1 f5 18. b4 f4 19. bxc5 Bf5 20. Rc1 dxc5 21. Bxf4
Nxf4 22. gxf4 Qh4 23. e3 b5 24. axb5 axb5 25. d6 c4 26. d7 Red8 27. Qd5+ Kh8
28. Nxb5 Bxd7 29. Nd6 Be8 30. Rxc4 Qe7 31. Re4 Qc7 32. Rxe8+ Rxe8 33. Nxe8 Rxe8
34. Rd1 Qc2 35. Bf3 Qb2 36. Qf7 Rf8 37. Qe7 Qf6 38. Qc7 g5 39. Rd4 Qg6 40. Be4
Qh5 41. Rd8 gxf4 42. Rxf8+ Bxf8 43. Qxf4 Be7 44. Bd3 Kg7 45. Qd4+ Kh6 46. Qd7
Qg5+ 47. Kf1 Kg7 48. Qh3 h5 49. Qf3 Bd6 50. h3 Qe5 51. Qb7+ Bc7 52. Ke2 Kf6 53.
f4 Qa5 54. Kf3 Qc5 55. Qe4 Bb6 56. h4 Kg7 57. Qg6+ Kf8 58. Qf6+ Kg8 59. Qe6+
Kf8 60. Bg6 Qc7 61. Bxh5 Qb7+ 62. e4 1-0

[Event "SR 2. liga A 2015/2016"]
[Site "?"]
[Date "2015.11.08"]
[Round "4.5"]
[White "Sukuba, Zdeno"]
[Black "Sahidi, Samir"]
[Result "0-1"]
[WhiteElo "2135"]
[BlackElo "2242"]
[PlyCount "131"]
[EventDate "2015.??.??"]

1. c4 e5 2. Nc3 Nc6 3. g3 f5 4. d3 Nf6 5. Bg2 g6 6. Nf3 Bg7 7. O-O O-O 8. Rb1
d6 9. b4 h6 10. b5 Ne7 11. Ba3 Nd7 12. Nd2 Rb8 13. Qa4 Ra8 14. Rfc1 Kh7 15. Qc2
a6 16. Bb4 a5 17. Ba3 Rb8 18. b6 Nxb6 19. c5 dxc5 20. Bxc5 Rf6 21. Nb5 Nc6 22.
Nxc7 Nd4 23. Qd1 Nd7 24. Ba7 b6 25. Bxb8 Nxb8 26. Nd5 Rd6 27. Nc4 Re6 28. Ncxb6
Ba6 29. Nc7 Rd6 30. Nxa6 Nxa6 31. Nc4 Rd7 32. Nb6 Rd6 33. Rc8 Qg5 34. e3 Ne6
35. Nc4 Rd7 36. Bc6 Ra7 37. Rb7 Rxb7 38. Bxb7 Nac7 39. Nxe5 Bxe5 40. f4 Qf6 41.
fxe5 Qxe5 42. Qd2 g5 43. d4 Qb5 44. Bg2 Nd5 45. Bxd5 Qxd5 46. Qc2 Kg7 47. Rc6
Nd8 48. Rc5 Qf3 49. Qf2 Qe4 50. Rxf5 Qb1+ 51. Qf1 Qxa2 52. Rf8 Nf7 53. Ra8 a4
54. Ra6 Qb3 55. Qf6+ Kg8 56. Ra8+ Kh7 57. Qf5+ Kg7 58. Ra7 Qxe3+ 59. Kg2 Qe2+
60. Qf2 Qe4+ 61. Qf3 Qc2+ 62. Kh3 Qc8+ 63. g4 Qe8 64. d5 h5 65. gxh5 Qc8+ 66.
Kg2 0-1

[Event "SR 2. liga A 2015/2016"]
[Site "?"]
[Date "2015.11.08"]
[Round "4.5"]
[White "Kralovic, Andrej"]
[Black "Biro, Karol"]
[Result "1/2-1/2"]
[WhiteElo "2218"]
[BlackElo "2087"]
[PlyCount "107"]
[EventDate "2015.??.??"]

1. e4 g6 2. d4 c6 3. Nc3 Bg7 4. f4 d5 5. e5 h5 6. Nf3 Nh6 7. Be3 Bg4 8. h3 Bxf3
9. Qxf3 Nf5 10. g3 Nxe3 11. Qxe3 e6 12. O-O-O Nd7 13. Bd3 Qe7 14. Kb1 O-O-O 15.
Rhf1 Kb8 16. a3 a6 17. Qe2 Ka7 18. Na2 Nb6 19. Nb4 a5 20. Na2 c5 21. Qe1 Nd7
22. Qxa5+ Kb8 23. dxc5 Qxc5 24. Qxc5 Nxc5 25. h4 Bf8 26. Nb4 Be7 27. Rf2 Na4
28. Bb5 Nc5 29. Bd3 Na4 30. Rfd2 Rc8 31. c3 Bxb4 32. cxb4 Nb6 33. Rc1 Rxc1+ 34.
Kxc1 Nc8 35. b5 Ne7 36. b4 Rc8+ 37. Kb2 b6 38. Bc2 Nf5 39. Rd3 Rc4 40. Bb1 Kb7
41. Bc2 Re4 42. Rc3 Re2 43. Kc1 Rg2 44. Bxf5 gxf5 45. Kb1 Re2 46. a4 Re4 47.
Rb3 Rc4 48. Kb2 Kb8 49. a5 Kb7 50. a6+ Kb8 51. Kb1 Ka7 52. Kb2 Kb8 53. Kb1 Ka7
54. Kb2 1/2-1/2

[Event "SR 2. liga A 2015/2016"]
[Site "?"]
[Date "2015.11.08"]
[Round "4.5"]
[White "Petreje, Juraj"]
[Black "Macko, Miroslav"]
[Result "0-1"]
[WhiteElo "2085"]
[BlackElo "2067"]
[PlyCount "80"]
[EventDate "2015.??.??"]

1. d4 Nf6 2. g3 c5 3. Bg2 cxd4 4. Nf3 e5 5. O-O Nc6 6. c3 dxc3 7. Nxc3 Be7 8.
Qa4 O-O 9. Rd1 d6 10. b4 Rb8 11. b5 Qa5 12. bxc6 Qxc3 13. Qxa7 Qxa1 14. Qxb8
bxc6 15. Qc7 Bd7 16. Qa5 Rb8 17. Nd2 Qd4 18. e3 Qd3 19. Bf1 Qc2 20. Re1 d5 21.
Qa6 e4 22. a3 Bd6 23. Be2 Be5 24. Qa7 Re8 25. Kg2 Be6 26. h3 h6 27. Nf1 Rb8 28.
Bd2 Qa2 29. Bc3 Bd6 30. a4 Kh7 31. Bd4 Nd7 32. Bg4 f5 33. Ra1 Qc4 34. Bh5 c5
35. Bf7 Bxf7 36. Qxd7 cxd4 37. Qxf7 Rf8 38. Qe6 Bc5 39. Rd1 dxe3 40. fxe3 Qe2+
0-1

[Event "SR 2. liga A 2015/2016"]
[Site "?"]
[Date "2015.11.08"]
[Round "4.5"]
[White "Macko, Peter"]
[Black "Mandak, Miroslav"]
[Result "1/2-1/2"]
[WhiteElo "2110"]
[BlackElo "2002"]
[PlyCount "93"]
[EventDate "2015.??.??"]

1. e4 c5 2. Nc3 Nc6 3. f4 d6 4. Nf3 g6 5. Bc4 Bg7 6. O-O e6 7. f5 gxf5 8. exf5
d5 9. fxe6 Bxe6 10. Bb5 a6 11. Bxc6+ bxc6 12. d4 cxd4 13. Nxd4 Ne7 14. Nxe6
fxe6 15. Qg4 Nf5 16. Rxf5 exf5 17. Qxg7 Qb6+ 18. Kh1 O-O-O 19. Bf4 Rhe8 20. h3
Rd7 21. Qf6 Kb7 22. Na4 Qb4 23. Qxf5 Ree7 24. Bg5 Qxa4 25. Bxe7 Rxe7 26. b3 Qd4
27. Rf1 Qd2 28. Rf2 Qh6 29. Qf6 Qe3 30. Kh2 a5 31. Rf3 Qe1 32. Rf2 Kb6 33. Qd4+
Kb7 34. Qc5 Qe5+ 35. Kg1 Qc7 36. a3 Re1+ 37. Rf1 Re7 38. b4 axb4 39. Qxb4+ Qb6+
40. Qxb6+ Kxb6 41. Rf3 Re2 42. Rf2 Re7 43. Rf3 Kc5 44. Rc3+ Kd6 45. Kf2 c5 46.
Re3 Rb7 47. Rb3 1/2-1/2

[Event "SR 2. liga A 2015/2016"]
[Site "?"]
[Date "2015.11.08"]
[Round "4.5"]
[White "Kebis, Milos"]
[Black "Lintner, Igor Ml"]
[Result "1-0"]
[WhiteElo "1937"]
[BlackElo "2128"]
[PlyCount "63"]
[EventDate "2015.??.??"]

1. Nf3 e6 2. d4 Nf6 3. c4 d5 4. e3 c6 5. Bd3 Nbd7 6. O-O Bd6 7. Nc3 O-O 8. e4
dxe4 9. Nxe4 Nxe4 10. Bxe4 h6 11. Bc2 Rb8 12. Re1 Qc7 13. Qd3 Nf6 14. Ne5 Rd8
15. Bf4 c5 16. dxc5 Qxc5 17. Rad1 Nh5 18. Qh7+ Kf8 19. Rxd6 Rxd6 20. Qh8+ Ke7
21. Qg8 Nxf4 22. Qxf7+ Kd8 23. Qxf4 Rd4 24. Qe3 Qb6 25. b4 Bd7 26. a3 Rh4 27.
c5 Qc7 28. Rd1 Rh5 29. Rxd7+ Qxd7 30. Nxd7 Kxd7 31. Qf4 Kc8 32. Qf8+ 1-0

[Event "SR 2. liga A 2015/2016"]
[Site "?"]
[Date "2015.11.08"]
[Round "4.5"]
[White "Suchansky, Jakub"]
[Black "Faltan, Peter"]
[Result "1-0"]
[WhiteElo "1921"]
[BlackElo "1990"]
[PlyCount "117"]
[EventDate "2015.??.??"]

1. d4 d5 2. c4 e6 3. Nf3 Nf6 4. g3 Bb4+ 5. Nbd2 c5 6. dxc5 Bxc5 7. Bg2 O-O 8.
O-O Nc6 9. a3 a5 10. b3 d4 11. Qc2 e5 12. Ng5 h6 13. Nge4 Nxe4 14. Bxe4 Be6 15.
Bb2 f5 16. Bg2 Qd6 17. Rfd1 Rad8 18. Nf1 e4 19. e3 d3 20. Qc3 Qe7 21. f3 f4 22.
gxf4 exf3 23. Bxf3 Rxf4 24. Bg2 Bf5 25. Kh1 Rf2 26. Rd2 Rxd2 27. Qxd2 Be4 28.
Rd1 Bxa3 29. Bxa3 Bxg2+ 30. Qxg2 Qxa3 31. Nd2 Qb2 32. Rb1 Qe5 33. Rg1 Rd7 34.
Qh3 Rf7 35. Rg2 Kh7 36. Nf3 Qf5 37. Qxf5+ Rxf5 38. Nd2 Ne5 39. h3 g5 40. Kh2 h5
41. e4 Rf4 42. Rxg5 Rf2+ 43. Kg3 Rxd2 44. Rxh5+ Kg6 45. Rxe5 Rb2 46. Kf3 Rxb3
47. Rxa5 Rc3 48. c5 d2+ 49. Ke2 Rd3 50. Kd1 Rd4 51. Rb5 Rxe4 52. Rxb7 Kf6 53.
Kxd2 Ke6 54. Rb3 Rd4+ 55. Rd3 Rc4 56. Rc3 Rd4+ 57. Kc2 Rd7 58. c6 Rc7 59. Kd3
1-0

[Event "SR 2. liga A 2015/2016"]
[Site "?"]
[Date "2015.11.08"]
[Round "4.6"]
[White "Gabris, Ondrej"]
[Black "Sosovicka, Juraj"]
[Result "1/2-1/2"]
[WhiteElo "2211"]
[BlackElo "2201"]
[PlyCount "35"]
[EventDate "2015.??.??"]

1. e4 e5 2. Nf3 Nc6 3. d4 exd4 4. Bc4 Nf6 5. e5 d5 6. Bb5 Ne4 7. Nxd4 Bd7 8.
Bxc6 bxc6 9. O-O Bc5 10. Nc3 Nxc3 11. bxc3 O-O 12. Be3 Qe7 13. Qh5 Rae8 14.
Rae1 Bxd4 15. cxd4 Qe6 16. Bc1 Rb8 17. Ba3 Rfe8 18. Re3 1/2-1/2

[Event "SR 2. liga A 2015/2016"]
[Site "?"]
[Date "2015.11.08"]
[Round "4.6"]
[White "Sosovicka, Matej"]
[Black "Madar, Martin"]
[Result "1-0"]
[WhiteElo "2131"]
[BlackElo "2130"]
[PlyCount "41"]
[EventDate "2015.??.??"]

1. e4 d5 2. exd5 Nf6 3. d4 Nxd5 4. Nf3 g6 5. c4 Nb6 6. Nc3 Bg7 7. c5 Nd5 8. Bc4
c6 9. O-O O-O 10. Re1 h6 11. Qb3 Nxc3 12. bxc3 b5 13. cxb6 axb6 14. Ba3 b5 15.
Bd3 Be6 16. Rxe6 Rxa3 17. Qxa3 fxe6 18. Re1 Kf7 19. Qb3 Qd7 20. Qc2 g5 21. Bh7
1-0

[Event "SR 2. liga A 2015/2016"]
[Site "?"]
[Date "2015.11.08"]
[Round "4.6"]
[White "Janos, Ivan"]
[Black "Oprea, Erik"]
[Result "0-1"]
[WhiteElo "2077"]
[BlackElo "2071"]
[PlyCount "105"]
[EventDate "2015.??.??"]

1. e4 e6 2. d4 d5 3. Nc3 Bb4 4. e5 f5 5. Qh5+ g6 6. Qd1 c5 7. a3 Bxc3+ 8. bxc3
c4 9. h4 h6 10. Ne2 Nc6 11. Nf4 Nge7 12. Be2 Qa5 13. Bd2 Bd7 14. Qc1 O-O-O 15.
a4 Rdg8 16. g3 Kb8 17. Qa3 Nc8 18. Bf3 Nd8 19. h5 g5 20. Ng6 Rh7 21. Nf8 Rf7
22. Nxd7+ Rxd7 23. Rb1 Nb6 24. Rb5 Qxa4 25. Qb2 Nc8 26. O-O Qa6 27. Ra1 Qc6 28.
Rc5 Qb6 29. Qa2 Nc6 30. Rb1 Qc7 31. Qa4 Nb6 32. Qb5 g4 33. Bg2 Rh7 34. Bc1 Qf7
35. Ba3 Rc8 36. Bb4 Nxb4 37. Qxb4 Qxh5 38. Ra5 Rc6 39. Qf8+ Nc8 40. Rc5 Rcc7
41. Rcb5 Qf7 42. Qd8 Qe7 43. Qg8 h5 44. Rc5 h4 45. gxh4 Rxh4 46. Rbb5 b6 47.
Rxd5 exd5 48. Qxd5 Rb7 49. Qxc4 f4 50. Bd5 f3 51. Qc6 Rh7 52. Qxb7+ Qxb7 53.
Bxb7 0-1

[Event "SR 2. liga A 2015/2016"]
[Site "?"]
[Date "2015.11.08"]
[Round "4.6"]
[White "Sosovicka, Jakub"]
[Black "Gazi, Mikulas"]
[Result "1/2-1/2"]
[WhiteElo "1895"]
[BlackElo "2082"]
[PlyCount "117"]
[EventDate "2015.??.??"]

1. e4 c5 2. Nf3 Nc6 3. d4 cxd4 4. Nxd4 Nf6 5. Nc3 g6 6. Be3 Bg7 7. Bc4 O-O 8.
Bb3 d6 9. f3 Bd7 10. Qd2 Rc8 11. O-O-O Ne5 12. Bh6 Nc4 13. Bxc4 Rxc4 14. Bxg7
Kxg7 15. h4 h5 16. g4 Qa5 17. gxh5 Nxh5 18. Rhg1 Qe5 19. Nd5 Ng3 20. Qf2 Rxd4
21. Rxd4 Ne2+ 22. Qxe2 Qxd4 23. Rd1 Qa4 24. a3 Bb5 25. Qd2 Rc8 26. Nxe7 Rc5 27.
Nd5 Qc4 28. Qd4+ Qxd4 29. Rxd4 Be2 30. f4 Bf3 31. Nc3 Rh5 32. Rxd6 Rxh4 33. Rd7
Rxf4 34. Rxb7 g5 35. Kd2 Bxe4 36. Nxe4 Rxe4 37. Kd3 Re6 38. Kd4 a6 39. c4 g4
40. Rb3 f5 41. Re3 Rg6 42. Ke5 g3 43. Re1 g2 44. Rg1 Rg5 45. c5 Kf7 46. c6 Ke7
47. c7 Kd7 48. Kf4 Rg8 49. Kxf5 Kxc7 50. Kf4 Kc6 51. Kf3 Kc5 52. Rxg2 Rxg2 53.
Kxg2 Kc4 54. Kf2 Kb3 55. Ke2 Kxb2 56. Kd2 a5 57. a4 Kb3 58. Kc1 Kxa4 59. Kb2
1/2-1/2

[Event "SR 2. liga A 2015/2016"]
[Site "?"]
[Date "2015.11.08"]
[Round "4.6"]
[White "Syrovy, Ivan"]
[Black "Szollos, Ondrej"]
[Result "0-1"]
[WhiteElo "1999"]
[BlackElo "2047"]
[PlyCount "108"]
[EventDate "2015.??.??"]

1. e4 d6 2. d4 Nf6 3. Nc3 c6 4. Nf3 Bg4 5. Be2 Qc7 6. h3 Bh5 7. Be3 e5 8. Qd2
Nbd7 9. O-O-O a6 10. Bg5 Be7 11. Rhe1 b5 12. dxe5 dxe5 13. Bxf6 Nxf6 14. Bd3
O-O 15. g4 Bg6 16. g5 Nh5 17. Nh4 Nf4 18. Nxg6 fxg6 19. h4 Bc5 20. f3 Rad8 21.
Rf1 Bb4 22. Kb1 Ba5 23. Qe3 Bb6 24. Qd2 a5 25. Qh2 a4 26. a3 Qe7 27. Na2 Bc5
28. Qd2 Ne6 29. Nb4 Bxb4 30. axb4 Rf4 31. Qc3 Nd4 32. Rf2 Rdf8 33. Rdf1 Qd6 34.
Be2 Rd8 35. Rh1 Qf8 36. Qe3 Nxe2 37. Qxe2 Qxb4 38. Ka2 Qd6 39. h5 Qe6+ 40. Kb1
gxh5 41. Rxh5 g6 42. Rh1 Rd7 43. Qe3 Qd6 44. Rhh2 Qd4 45. Qa3 b4 46. Qxa4 Ra7
47. Qb3+ Kg7 48. Qd3 c5 49. Rf1 Rd7 50. Rfh1 Kg8 51. Qb3+ c4 52. Qxb4 Rxf3 53.
Qb5 Rff7 54. Qc6 Qd1+ 0-1

[Event "SR 2. liga A 2015/2016"]
[Site "?"]
[Date "2015.11.08"]
[Round "4.6"]
[White "Hurban, Martin"]
[Black "Hartl, Jan"]
[Result "1/2-1/2"]
[WhiteElo "1934"]
[BlackElo "2039"]
[PlyCount "64"]
[EventDate "2015.??.??"]

1. e4 e5 2. Nf3 Nc6 3. Bb5 a6 4. Ba4 Nf6 5. O-O Be7 6. Re1 b5 7. Bb3 O-O 8. c3
d6 9. h3 Na5 10. Bc2 c5 11. d4 Nd7 12. Nbd2 cxd4 13. cxd4 Nc6 14. Nf1 Bf6 15.
d5 Nb4 16. Bb1 a5 17. Ne3 g6 18. a4 Ba6 19. Nc2 Nxc2 20. Bxc2 b4 21. Bd3 Qc8
22. Bh6 Re8 23. Rc1 Qb7 24. Bxa6 Rxa6 25. Nd2 Rc8 26. Qf3 Raa8 27. Nc4 Be7 28.
Re2 Qc7 29. Rec2 Qd8 30. Be3 Rcb8 31. b3 Qf8 32. g4 Bd8 1/2-1/2

[Event "SR 2. liga A 2015/2016"]
[Site "?"]
[Date "2015.11.08"]
[Round "4.6"]
[White "Hulla, Stanislav"]
[Black "Ochrana, Ladislav"]
[Result "1-0"]
[WhiteElo "1926"]
[BlackElo "1933"]
[PlyCount "131"]
[EventDate "2015.??.??"]

1. d4 d5 2. Bf4 e6 3. e3 Bd6 4. Bg3 Nf6 5. Nf3 c6 6. Nbd2 Qc7 7. Bxd6 Qxd6 8.
c3 Nbd7 9. Bd3 O-O 10. O-O e5 11. dxe5 Nxe5 12. Nxe5 Qxe5 13. Nf3 Qc7 14. Qc2
g6 15. Rfe1 Bg4 16. Nd4 c5 17. Nf3 Bxf3 18. gxf3 Rfe8 19. Kh1 Re5 20. Rg1 c4
21. Be2 Rh5 22. Rg2 Re8 23. Rd1 b5 24. Qd2 Rh4 25. Qc2 a6 26. a3 Re5 27. f4 Re8
28. Bf3 Qd6 29. Rd4 Rd8 30. Rg5 h6 31. Rg3 Kh8 32. Qe2 Qe7 33. Qd2 Qd6 34. Qe2
Qe6 35. f5 Rxh2+ 36. Kxh2 Qxf5 37. e4 Qe5 38. exd5 Qxe2 39. Bxe2 Rd6 40. Bf3
Kg7 41. Rg1 Nd7 42. Rdd1 Nc5 43. Rd2 Kf6 44. Re1 h5 45. Re8 Nd3 46. Kg3 Kg5 47.
Bg2 h4+ 48. Kh2 Kf6 49. Rc8 Ne5 50. f4 Nd3 51. Rc6 Ke7 52. Rc7+ Kf6 53. Rc6 Ke7
54. Rxd6 Kxd6 55. f5 gxf5 56. Kh3 a5 57. Kxh4 b4 58. axb4 axb4 59. Kg5 bxc3 60.
bxc3 f4 61. Be4 Nc5 62. Kxf4 Na4 63. Rc2 Nc5 64. Rh2 Na4 65. Rh3 Ke7 66. Ke5
1-0

[Event "SR 2. liga A 2015/2016"]
[Site "?"]
[Date "2015.11.08"]
[Round "4.6"]
[White "Kosegi, Marek"]
[Black "Badura, Peter"]
[Result "1-0"]
[WhiteElo "1901"]
[BlackElo "1922"]
[PlyCount "71"]
[EventDate "2015.??.??"]

1. e4 c5 2. Nf3 d6 3. d4 cxd4 4. Nxd4 Nf6 5. Nc3 a6 6. Be3 e6 7. f3 Be7 8. Qd2
Qc7 9. O-O-O O-O 10. g4 Nc6 11. g5 Nd7 12. g6 hxg6 13. h4 Nde5 14. f4 Nxd4 15.
Bxd4 Nf3 16. Qf2 Nxd4 17. Qxd4 Rd8 18. h5 Bf6 19. Qd3 gxh5 20. Rxh5 g6 21. Rh2
b5 22. Qh3 b4 23. e5 dxe5 24. Rxd8+ Qxd8 25. Qh7+ Kf8 26. Rd2 Qe7 27. Ne4 exf4
28. Bg2 Ra7 29. Qh6+ Bg7 30. Qxf4 e5 31. Qe3 Bf5 32. Nd6 Rc7 33. Kb1 Bxc2+ 34.
Ka1 Be4 35. Bxe4 Qh4 36. Rd1 1-0

[Event "SR 2. liga A 2015/2016"]
[Site "?"]
[Date "2015.12.05"]
[Round "5.1"]
[White "Sosna, Jan"]
[Black "Lanc, Alois"]
[Result "1/2-1/2"]
[WhiteElo "2341"]
[BlackElo "2318"]
[PlyCount "25"]
[EventDate "2015.??.??"]

1. d4 Nf6 2. Nf3 d6 3. Nc3 Nbd7 4. e4 e5 5. Bc4 Be7 6. O-O O-O 7. Re1 c6 8. a4
a5 9. b3 h6 10. Bb2 Re8 11. h3 Bf8 12. Qd2 Nh5 13. Ne2 1/2-1/2

[Event "SR 2. liga A 2015/2016"]
[Site "?"]
[Date "2015.12.05"]
[Round "5.1"]
[White "Kavon, Rastislav"]
[Black "Kapusta, Petr"]
[Result "1-0"]
[WhiteElo "2160"]
[BlackElo "2115"]
[PlyCount "71"]
[EventDate "2015.??.??"]

1. e4 c5 2. Nf3 d6 3. d4 cxd4 4. Nxd4 Nf6 5. Nc3 a6 6. h3 e6 7. g4 d5 8. exd5
Nxd5 9. Nde2 Bb4 10. Bg2 O-O 11. Bd2 Nxc3 12. Nxc3 Qc7 13. O-O Nc6 14. a3 Bd6
15. Ne4 Bh2+ 16. Kh1 Bf4 17. Bxf4 Qxf4 18. c3 Rd8 19. Qf3 Qxf3 20. Bxf3 Ne5 21.
Bg2 Nd3 22. Rad1 f5 23. Rd2 Rd7 24. Ng3 g6 25. Kg1 Ne5 26. Re2 Nc4 27. Rxe6
fxg4 28. Re8+ Kf7 29. Rfe1 gxh3 30. Bd5+ Rxd5 31. R1e7+ Kf6 32. Ne4+ Kf5 33.
Rf8+ Kg4 34. f3+ Kh4 35. Rxh7+ Rh5 36. Rf4+ 1-0

[Event "SR 2. liga A 2015/2016"]
[Site "?"]
[Date "2015.12.05"]
[Round "5.1"]
[White "Koutny, Petr"]
[Black "Bango, Lukas"]
[Result "0-1"]
[WhiteElo "2149"]
[BlackElo "2052"]
[PlyCount "62"]
[EventDate "2015.??.??"]

1. e4 c5 2. Nf3 d6 3. d4 cxd4 4. Nxd4 Nf6 5. Nc3 g6 6. Bg5 Bg7 7. Bb5+ Nbd7 8.
Qe2 O-O 9. O-O-O a6 10. Bxd7 Bxd7 11. f4 Bg4 12. Nf3 Nh5 13. f5 Qa5 14. Bxe7
Rfe8 15. Rd5 b5 16. Bxd6 Bxc3 17. bxc3 Qxa2 18. Kd2 Rad8 19. Rd4 Nf6 20. e5
Bxf5 21. Ne1 Rxd6 22. Rxd6 Ne4+ 23. Ke3 Nxd6 24. Kf2 Ne4+ 25. Kg1 Nxc3 26. Qd2
Qa1 27. h3 Ne4 28. Qe3 Qxe5 29. Nd3 Qg3 30. Qb6 Nd2 31. Qc6 Rc8 0-1

[Event "SR 2. liga A 2015/2016"]
[Site "?"]
[Date "2015.12.05"]
[Round "5.1"]
[White "Jakubec, Milan"]
[Black "Hudacek, Josef"]
[Result "1/2-1/2"]
[WhiteElo "2059"]
[BlackElo "2058"]
[PlyCount "58"]
[EventDate "2015.??.??"]

1. e4 e5 2. Nf3 Nc6 3. Bc4 Be7 4. d4 d6 5. dxe5 Nxe5 6. Nxe5 dxe5 7. Qxd8+ Bxd8
8. Nc3 c6 9. Be3 Nf6 10. f3 Nd7 11. O-O-O b5 12. Be2 Bc7 13. a3 O-O 14. Rd2 Nb6
15. Rhd1 Be6 16. Bc5 Rfd8 17. b3 Rxd2 18. Rxd2 Nd7 19. Be3 Ba5 20. b4 Bc7 21.
Kb2 a5 22. g3 axb4 23. axb4 Nb6 24. f4 exf4 25. gxf4 Na4+ 26. Nxa4 Rxa4 27. c3
Ra2+ 28. Kb1 Rxd2 29. Bxd2 g6 1/2-1/2

[Event "SR 2. liga A 2015/2016"]
[Site "?"]
[Date "2015.12.05"]
[Round "5.1"]
[White "Vepy, Ivan"]
[Black "Mackovic, Matus"]
[Result "0-1"]
[WhiteElo "1952"]
[BlackElo "1970"]
[PlyCount "86"]
[EventDate "2015.??.??"]

1. e4 c6 2. Nf3 d5 3. exd5 cxd5 4. d4 Nc6 5. Be2 Bf5 6. O-O e6 7. c3 Nf6 8.
Nbd2 Bd6 9. Nh4 Bg6 10. h3 Nd7 11. Nxg6 hxg6 12. Nf3 Qc7 13. Bd3 a6 14. Re1 O-O
15. Ng5 Nf6 16. Bd2 Bh2+ 17. Kh1 Bf4 18. Re2 b5 19. Qc2 Bxd2 20. Qxd2 Rfc8 21.
a3 Rab8 22. Rae1 a5 23. Qc2 Ne7 24. Re3 b4 25. axb4 axb4 26. Ba6 Rd8 27. Qe2
Nf5 28. Rf3 bxc3 29. bxc3 Rb3 30. g4 Nd6 31. Qe5 Rxc3 32. Bd3 Nd7 33. Qg3 Nf8
34. Qh4 Rc1 35. Rxc1 Qxc1+ 36. Kg2 f6 37. Nxe6 Nxe6 38. Bxg6 Nf8 39. Bd3 Re8
40. Qg3 Ne4 41. Qh2 Ne6 42. Rf5 Rd8 43. Rxd5 Nf4+ 0-1

[Event "SR 2. liga A 2015/2016"]
[Site "?"]
[Date "2015.12.05"]
[Round "5.1"]
[White "Zarecky, Eduard"]
[Black "Hrubsa, Marian"]
[Result "0-1"]
[WhiteElo "1900"]
[BlackElo "1805"]
[PlyCount "46"]
[EventDate "2015.??.??"]

1. d4 d5 2. c4 e6 3. Nc3 Nf6 4. Nf3 Nbd7 5. e3 c6 6. c5 b6 7. b4 bxc5 8. bxc5
Qc7 9. Qa4 Be7 10. Bb2 O-O 11. Bd3 e5 12. Bf5 Nxc5 13. Bxh7+ Nxh7 14. dxc5 Bxc5
15. Qc2 d4 16. Ne4 Bb4+ 17. Nfd2 Bf5 18. Nf6+ Nxf6 19. Qxf5 Bxd2+ 20. Kxd2 Qa5+
21. Kd1 d3 22. Qxe5 Qa4+ 23. Ke1 Qc2 0-1

[Event "SR 2. liga A 2015/2016"]
[Site "?"]
[Date "2015.12.05"]
[Round "5.1"]
[White "Planka, Peter"]
[Black "Capanda, Jan"]
[Result "0-1"]
[WhiteElo "1740"]
[BlackElo "1850"]
[PlyCount "104"]
[EventDate "2015.??.??"]

1. e4 Nf6 2. e5 Nd5 3. c4 Nb6 4. d4 e6 5. Nf3 d5 6. c5 N6d7 7. b4 b6 8. Bb2 Be7
9. Bd3 O-O 10. Qc2 f5 11. O-O c6 12. Nbd2 Na6 13. a3 Nc7 14. cxb6 axb6 15. Qxc6
Rb8 16. Rfc1 Nc5 17. Rxc5 bxc5 18. Qa4 cxb4 19. axb4 Bxb4 20. Qc2 Bd7 21. Rc1
Nb5 22. Nb3 Na3 23. Qe2 Bb5 24. Bxa3 Bxd3 25. Qxd3 Bxa3 26. Ra1 Be7 27. Nfd2
Rb6 28. Rc1 Bg5 29. Nc5 Qe7 30. Ra1 Rfb8 31. Ndb3 Qe8 32. Ra6 Be7 33. h3 Bxc5
34. Nxc5 Qe7 35. Qa3 Rxa6 36. Qxa6 Kf7 37. Qe2 Rb4 38. Qh5+ Kg8 39. Qd1 Rc4 40.
Qa1 Rxc5 41. dxc5 Qxc5 42. Qa4 Qc1+ 43. Kh2 Qc8 44. Qa7 Qd8 45. Kg3 d4 46. Qa6
Qd7 47. Qd6 Qxd6 48. exd6 Kf7 49. f4 Ke8 50. Kf3 Kd7 51. Ke2 Kxd6 52. Kd3 Kd5
0-1

[Event "SR 2. liga A 2015/2016"]
[Site "?"]
[Date "2015.12.05"]
[Round "5.1"]
[White "Mackovic, Miroslav"]
[Black "Zlamal, Marek"]
[Result "0-1"]
[WhiteElo "1882"]
[BlackElo "1738"]
[PlyCount "128"]
[EventDate "2015.??.??"]

1. e4 c5 2. Nf3 Nc6 3. d4 cxd4 4. Nxd4 e5 5. Nb5 a6 6. Nd6+ Bxd6 7. Qxd6 Qf6 8.
Qd1 Qh4 9. Nc3 Nf6 10. g3 Qg4 11. f3 Qh5 12. Be3 O-O 13. Bg2 d6 14. Qd2 Be6 15.
g4 Qg6 16. h4 h5 17. g5 Nd7 18. Qxd6 f5 19. Bh3 Rad8 20. Nd5 Ndb8 21. Qc5 fxe4
22. Bxe6+ Qxe6 23. fxe4 Qg4 24. Qc4 Na5 25. Ne7+ Kh7 26. Qe2 Rf3 27. g6+ Kh8
28. Bf2 Rf4 29. Qxg4 Rxg4 30. Rg1 Rxe4+ 31. Kf1 Rd7 32. Nf5 Rd2 33. Ng3 Rf4 34.
Ne2 Rf6 35. b3 Nac6 36. c3 e4 37. Ke1 Rd3 38. Rd1 Rdf3 39. Bd4 Nxd4 40. Rxd4
Nc6 41. Rxe4 Rf8 42. Rg5 Rf1+ 43. Kd2 Ra1 44. Rxh5+ Kg8 45. Ke3 Rxa2 46. Nf4
Ra3 47. Re6 Rxb3 48. Nd5 Rd8 49. Rf5 a5 50. Rxc6 Re8+ 51. Ne7+ Rxe7+ 52. Kd4
bxc6 53. Rxa5 Rb8 54. Rc5 Rd8+ 55. Kc4 Re4+ 56. Kb3 Rc8 57. h5 Kf8 58. c4 Re3+
59. Kc2 Ke7 60. Rf5 Rf8 61. Ra5 Rf2+ 62. Kd1 Rh3 63. Re5+ Kf6 64. Re1 Rxh5 0-1

[Event "SR 2. liga A 2015/2016"]
[Site "?"]
[Date "2015.12.05"]
[Round "5.2"]
[White "Drtina, Milan"]
[Black "Jozefek, Michal"]
[Result "1/2-1/2"]
[WhiteElo "2183"]
[BlackElo "2229"]
[PlyCount "150"]
[EventDate "2015.??.??"]

1. e4 c5 2. c4 Nc6 3. Ne2 g6 4. d4 cxd4 5. Nxd4 Bg7 6. Be3 Nf6 7. Nc3 O-O 8.
Be2 d6 9. O-O Bd7 10. Kh1 Nxd4 11. Bxd4 Bc6 12. f4 e5 13. fxe5 dxe5 14. Bxe5
Nxe4 15. Bxg7 Kxg7 16. Nxe4 Bxe4 17. c5 Qe7 18. Qd4+ f6 19. Bf3 Bxf3 20. Rxf3
Rad8 21. Qc3 Qe2 22. Re3 Rd1+ 23. Rxd1 Qxd1+ 24. Re1 Qd5 25. a3 Rf7 26. h3 Rc7
27. b4 b6 28. Qg3 Qd7 29. cxb6 axb6 30. b5 Ra7 31. Qb3 Qd2 32. Rf1 Qe2 33. Kg1
Qe5 34. Rf3 Rc7 35. Qd3 Rc1+ 36. Rf1 Qc5+ 37. Kh2 Rxf1 38. Qxf1 Qd6+ 39. Kg1
Qxa3 40. Qc4 Qd6 41. Kf2 h5 42. h4 Kf8 43. Kf3 Ke7 44. Qe4+ Kf7 45. Qb7+ Kf8
46. Qc8+ Kg7 47. Qb7+ Kh6 48. Qc6 Qd3+ 49. Kf2 Qd4+ 50. Ke2 g5 51. hxg5+ Kxg5
52. Kf3 h4 53. Qc1+ Kf5 54. Qc8+ Ke5 55. Qe8+ Kd6 56. Qc6+ Ke7 57. Qc7+ Kf8 58.
Qc8+ Kf7 59. Qc7+ Kg6 60. Qc6 Kg5 61. Qc1+ Kh5 62. Qc6 Kh6 63. Qc1+ Kg6 64. Qc6
Qd3+ 65. Kf2 Qg3+ 66. Ke2 Qe5+ 67. Kf3 Kg5 68. Qc1+ Kh5 69. Qc6 f5 70. Kf2 Qd4+
71. Kf1 Qe3 72. Qd5 Kg4 73. Qg8+ Qg5 74. Qe8 Kg3 75. Qe3+ Qxe3 1/2-1/2

[Event "SR 2. liga A 2015/2016"]
[Site "?"]
[Date "2015.12.05"]
[Round "5.2"]
[White "Jablonicky, Martin"]
[Black "Arendas, Marek"]
[Result "1-0"]
[WhiteElo "2214"]
[BlackElo "2133"]
[PlyCount "81"]
[EventDate "2015.??.??"]

1. Nf3 Nf6 2. g3 c5 3. Bg2 Nc6 4. O-O g6 5. d4 cxd4 6. Nxd4 Bg7 7. Nb3 O-O 8.
Re1 d6 9. Nc3 Bg4 10. h3 Bd7 11. e4 Re8 12. Be3 Rc8 13. Qe2 Qc7 14. f4 a6 15.
a4 Na5 16. Nxa5 Qxa5 17. Qf2 Qb4 18. e5 dxe5 19. fxe5 Nh5 20. Bd4 Bh6 21. Nd5
Qc4 22. Nb6 Qc7 23. Nxc8 Rxc8 24. c3 Bc6 25. Bb6 Qb8 26. Bxc6 Rxc6 27. Rad1 Rc8
28. Rd7 Bf8 29. Rf1 f6 30. g4 Ng7 31. exf6 exf6 32. Qh2 Ne8 33. Qxb8 Rxb8 34.
Re1 Rc8 35. Bd4 b5 36. axb5 axb5 37. Re6 b4 38. Kg2 bxc3 39. bxc3 Bg7 40. g5
fxg5 41. Rxe8+ 1-0